000 00595nam a2200193 i 4500
001 88472
003 ES-MaACL
005 20251003063114.0
007 t|
008 050104s1913 sp |||| | spa d
100 1 _aLampérez y Romea, Vicente,
_d1861-1923
_9128639
245 1 3 _aEl Real Monasterio de Santa Clara de Tordesillas /
_cVicente Lampérez Romea.
260 _aValladolid :
_b[s.n.],
_c1913.
300 _a2 p. ;
_c33 cm.
610 2 4 _aMonasterio de Santa Clara (Tordesillas)
_9140901
852 _aES-MaACL
_jT-1442-F-8
_cDEPOF
942 _2udc
999 _c88472
_d88472